7 dotykov s- Katarínou Chajdákovou

Bibliographic Details
Main Authors: Kaminský, Róbert (ain), Chajdáková, Katarína (Author)
Format: Article
Language:Slovak
PhysicalDescription:Fotogr.
Subjects:

MARC

LEADER 00000nab a2200000 a 4500
001 vtls000681176
003 SK-MaSNL
005 20260304094828.0
008 250425c1998 xo 0 slo
015 |a SNBRB1999/01-00766 
035 |a CLN000033343 
035 |a urn:nbn:sk:snk-abbsa4 
035 |a (urnnbn)urn:nbn:sk:snk:ar-003j6d 
035 |a (uuid)54c5c562-e3e4-4509-b4d8-e1f1a8cd46e8 
040 |a SNKBUCL  |b slo  |c SNKBUCL  |e AACR2 
041 0 |a slo 
044 |a xo  |c SK 
080 |a 82:929:885.4  |2 1997 
080 |a 885.4:929  |2 1997 
100 1 |a Kaminský, Róbert  |4 ain  |9 1191977 
245 1 0 |a 7 dotykov s- Katarínou Chajdákovou  |c dotýkal sa Robo Kaminský 
246 1 3 |a Sedem dotykov s- Katarínou Chajdákovou 
300 |b Fotogr. 
600 1 7 |a Chajdáková, Katarína  |2 snkbucl  |9 616493 
655 7 |a články z novín a časopisov  |2 snkbucl  |9 267496 
700 1 |a Chajdáková, Katarína  |4 aut  |9 616493 
773 0 |t Dotyky  |g Roč. 10, č. 8 (1998), s. 48-49 
850 |a Slovenská národná knižnica 
852 |a Slovenská národná knižnica 
958 |a article15 
958 |a OND 
958 |a LX 
958 |a SK 
958 |a EUIPO 
992 |a RBX 
999 |c 2829183  |d 2831113